Dinosaurs A-Z - Statistics

General Stats
  • This quiz has been taken 912 times
  • The average score is 14 of 26
Answer Stats
Hint Answer % Correct
A Jurassic predator that hunted Stegosaurus Allosaurus
88%
T Most famous Dinosaur, the "Tyrant Lizard" Tyrannosaurus
87%
B Large Sauropod previously thought to be the same as Apatosaurus Brontosaurus
83%
C Horned carnivore with tiny arms Carnotaurus
83%
D Double crested Dino that didn't actually spit poison Dilophosaurus
80%
V Small speedy hunter that was the main antagonist of "Jurassic Park" Velociraptor
79%
U Large Raptor named after its state Utahraptor
74%
I Duck bill named after its lizard like teeth Iguanodon
72%
O Raptor which we now know didn't steal eggs Oviraptor
71%
G Largest Carnivore that lived in Argentina Giganotosaurus
67%
S Seafaring Dinosaur that was the biggest land carnivore ever Spinosaurus
67%
P Duck bill with an elongated crest that may have sounded like a trumpet Parasaurolophus
61%
K Spiked Stegosaur from Tanzania Kentrosaurus
60%
N Dinosaur with 500 teeth and a vaguely crude name Nigersaurus
58%
H Ornithopod that lends its name to a group of duck billed Dinosaurs Hadrosaurus
50%
E Canadian Ornithopod and largest Hell Creek Dinosaur Edmontosaurus
48%
M First Dinosaur to be named, in 1824 Megalosaurus
47%
Y Feathered Theropod whose name may remind you of a more famous one Yutyrannus
37%
L Ornithopod whose crest resembles a sideways thumbs up Lambeosaurus
32%
R Indian Theropod with a horn on its forehead Rajasaurus
31%
F Japanese Raptor named after the prefecture it was found in Fukuiraptor
29%
W One of the few Stegosaurs to live in the Cretaceous Wuerhosaurus
26%
Q Theropod with a long nose; sometimes called "Pinocchio Rex" Qianzhousaurus
19%
Z Large Ceratopsian with 2 horns Zuniceratops
19%
J Large Sauropod from Middle Jurassic Niger Jobaria
13%
X Small herbivorous Chinese Ornithopod that we still don't know much about Xiaosaurus
5%
No matching quizzes found
Score Distribution
Percent of People with Each Score
Percentile by Number Answered
Your Score History
You have not taken this quiz